000 00723nam a2200229 a 4500
001 42452
003 BD-RjUL
005 20211209053537.0
008 160613s1958 nyua b 001 0 eng
035 _a(BD-RjUL)42570
040 _aDLC
_cDLC
_dBD-RjUL
_beng
041 _aeng
082 _a338.9
_bKIE 1958
100 1 _aKindleberger, Charles Poor,
_d1910-2003
_9130594
245 1 0 _aEconomic development /
_cCharles P. Kindleberger
260 _aNew York ;
_aLondon :
_bMcGraw-Hill,
_cc1958
300 _axiv, 325 p. :
_bill. ;
_c24 cm
504 _aIncludes bibliographies and index
650 0 _aEconomic development
_9130595
830 0 _aEconomics handbook series (McGraw-Hill Book Company)
_9117054
942 _2ddc
_cBK
999 _c42452
_d42452